000 00712nam a2200217 i 4500
001 124350
003 ES-MaACL
005 20251009173517.0
007 t|
008 070322s1925 sp ||||1| spa d
100 1 _aErismann, Theodor.
_947397
245 1 0 _aPsicología aplicada /
_cpor Th. Erismann ; traducido directamente del alemán por Joaquín Carreras Artau.
260 _aBarcelona :
_bLabor,
_c1925.
300 _a159 p. ;
_c17 cm.
490 1 _aColección Labor ;
_v48
650 1 7 _aPsicología aplicada
_2embne
_916552
700 1 _aCarreras y Artau, Joaquín,
_d1894-1968
_935686
830 0 0 _aColección Labor
_v48
_9184254
852 _aES-MaACL
_jE-2593
999 _c124350
_d124350